000 00296nam a2200121Ia 4500
008 220216s9999 xx 000 0 und d
100 _aRoland C M
245 4 _athe barrier performance of latex rubber
260 _bRubber World
_c1993
300 _a15-20
650 _aLatex rubber
942 _cJS
999 _c70478
_d70478